MARC

Tag First Indicator Second Indicator Subfields
LEADER 00000cas a2200000 a 4500
001 in00000047531
008 820305d19581970nyumr p 0 0eng d
005 20250724153411.3
016 7 |a 011773328  |2 Uk 
029 1 |a AU@  |b 000078815657 
035 |a (OCoLC)ocm08216214 
035 |a (OCoLC)8216214 
035 |a (OCoLC)ocm08216214 
040 |a CPS  |b eng  |c CPS  |d IUL  |d OCL  |d MTG  |d OCLCQ  |d UKMGB  |d OCLCF  |d OCLCO  |d P4A  |d FQG  |d OCLCQ  |d OCLCO  |d OCLCQ 
050 1 4 |a TX820  |b .I56 
245 0 0 |a Volume feeding management. 
264 1 |a New York :  |b Conover-Mast Publications,  |c 1958-1970. 
300 |a 26 volumes :  |b illustrations ;  |c 29 cm 
310 |a Monthly 
336 |a text  |b txt  |2 rdacontent 
337 |a unmediated  |b n  |2 rdamedia 
338 |a volume  |b nc  |2 rdacarrier 
362 0 |a Vol. 10, no. 3 (Mar. 1958)-v. 35, no. 4 (Oct. 1970). 
580 |a Merged with: Institutions (Chicago, Ill. : 1953), to form: Institutions and volume feeding management. 
650 0 |a Food service management  |v Periodicals. 
650 0 |a Quantity cooking  |v Periodicals. 
650 7 |a Food service management.  |2 fast  |0 (OCoLC)fst00931156 
650 7 |a Quantity cooking.  |2 fast  |0 (OCoLC)fst01754362 
655 7 |a Periodicals.  |2 fast  |0 (OCoLC)fst01411641 
780 0 0 |t Institutional feeding and housing  |w (DLC)sn 86032306  |w (OCoLC)13221687 
780 0 5 |t Restaurant management  |g Aug. 1964  |w (OCoLC)7396927 
785 1 7 |t Institutions (Chicago, Ill. : 1953)  |w (OCoLC)1753288 
785 1 7 |t Institutions and volume feeding management  |w (DLC) 75643504  |w (OCoLC)2241234 
948 |h HELD BY TXA - 64 OTHER HOLDINGS 
994 |a Z0  |b TXA 
999 f f |s 05c8f0d8-1fe0-32cb-a417-9314b276d672  |i c76d3004-4cba-38cc-9467-ce0e6db3ea47  |t 0 
952 f f |p ric  |a Texas A&M University  |b Rellis Campus  |c Joint Library Facility  |d Remote Storage  |t 0  |e TX820 .I56  |h Library of Congress classification  |i unmediated -- volume  |k v.34:no.1-6  |l 1970:Jan.-June  |m A14842329345 
952 f f |p ric  |a Texas A&M University  |b Rellis Campus  |c Joint Library Facility  |d Remote Storage  |t 0  |e TX820 .I56  |h Library of Congress classification  |i unmediated -- volume  |k v.35:no.1-4  |l 1970:July-Oct.  |m A14842329337 
998 f f |a TX820 .I56  |s v.34 (1970)-v.35 (1970)  |t 0  |l Remote Storage